000 00434nam a22001817a 4500
003 MPLRDC
005 20220104160359.0
008 210129b ||||| |||| 00| 0 eng d
020 _a983-99283-2-5
082 _a868.71 AW-27
100 _a爱薇
245 _a唱给蓝天的歌
_c
250 _a初版
260 _a马来西亚
_b方正出版社
_c1999
300 _b
650 _a马华文学
942 _cBK
_o868.71 AW-27
999 _c54950
_d54940